00616nam a2200169 a 450000100100000000500170001000800410002704000250006808200160009310000270010924500970013626000480023330000250028104900090030695201140031599900170042900002708820200930030608.0110329s1979 dr ac 000 0 spa d aDO-SdBNPbspacBNPHU axxxxbC957j1 aCruz, Hector J.94595710aJuegos deportivos nacionales :btres certámenes a través de 40 años /cHector J. Cruz. aSanto Domingo :bServicio Integrado,c1979. a168 p. :bil., retr. aBNPD 0010718PDaPDbPDcCTd2011-03-29iLF1l0oxxxx C957jp27088-10r2020-06-25w2020-06-25yLFPDZNo se presta c26580d26580